| 000 | 00363cam a2200145ua 4500 | ||
|---|---|---|---|
| 041 |
_aeng _h |
||
| 082 |
_a635.932 _bHUN/PE |
||
| 100 | _aHunt, Peter . | ||
| 245 |
_aPerennial flowers for small garden / _cHunt Peter. _hTextual Documents |
||
| 260 |
_aLondon : _bPAN Books ltd , _c1965. |
||
| 300 | _a137 ; . | ||
| 504 | _a | ||
| 942 | _cBK | ||
| 999 |
_c1151 _d1151 |
||